000 01343nam a22002657a 4500
005 20170602122534.0
010 _a161708HN B-662476-498 HIN-106638
020 _c500.00
_a9788183617871
035 _aHN-78984
035 _aB-662476-498
037 _bKBD
037 _bDBAD/PUB
082 _a
100 _aदेशमुख, सदानंद
245 _aरौंदा हुआ निवाला /
_cसदानंद देशमुख; भगवान वैद्य 'प्रखर' द्वारा अनुदित
246 _aRaunda Hua Niwala
250 _a2रा संस्क
260 _aनई दिल्ली
_bराधाकृष्ण प्रकाशन
_c2017
270 _bनई दिल्ली
_e110002
_a7/31, अंसारी रोड, दरियागंज,
_minfo@radhakrishnaprakashan.com
300 _a224पृ.
_c22से.मी.(सजिल्द)
650 _aहिन्दी लघु कथाएँ
700 _aभगवान वैद्य 'प्रखर'
942 _2ddc
_cHN
_mदेशमु
_h
999 _c97996
_d97996